| 000 | 00828cam a22002773a 4500 | ||
|---|---|---|---|
| 001 | 21116 | ||
| 003 | PGUSA | ||
| 005 | 20140828083441.0 | ||
| 008 | 070416s2007||||xxu|||||s|||||000 1 eng d | ||
| 040 |
_aPGUSA _beng |
||
| 042 | _adc | ||
| 050 | 4 | _aPS | |
| 100 | 1 |
_aWalter, Eugene, _d1874-1941 |
|
| 245 | 1 | 4 |
_aThe Easiest Way : _bA Story of Metropolitan Life _h[electronic resource] / _cEugene Walter |
| 260 |
_bProject Gutenberg, _c2007 |
||
| 506 | _aPublic domain in the USA. | ||
| 516 | _aElectronic text | ||
| 653 | _aMistresses -- Fiction | ||
| 653 | _aWomen -- Conduct of life -- Fiction | ||
| 653 | _aMan-woman relationships -- Fiction | ||
| 700 | 1 |
_aGunn, Archie, _d1863-1930 |
|
| 700 | 1 | _aByron, Joseph | |
| 830 | 0 |
_aProject Gutenberg _v21116 |
|
| 856 | 4 | 0 | _uhttp://www.gutenberg.org/ebooks/21116 |
| 942 | _cEB | ||
| 999 |
_c250371 _d250371 |
||